Fr. Conceicao Rodrigues College of Engineering

Computer aided analysis & Design of Machine Elements (Record no. 21024)

MARC details
000 -LEADER
fixed length control field 00343nam a2200145Ia 4500
082 ## - DEWEY DECIMAL CLASSIFICATION NUMBER
Classification number 620.0042
Item number DUK/RA
100 ## - MAIN ENTRY--PERSONAL NAME
Personal name Dukkipali/ Rao/V
245 ## - TITLE STATEMENT
Title Computer aided analysis & Design of Machine Elements
260 ## - PUBLICATION, DISTRIBUTION, ETC.
Name of publisher, distributor, etc. New age
Date of publication, distribution, etc. 2000
300 ## - PHYSICAL DESCRIPTION
Extent 467
546 ## - LANGUAGE NOTE
Language note ENGLISH
654 ## - SUBJECT ADDED ENTRY--FACETED TOPICAL TERMS
Focus term computer aided analysis
942 ## - ADDED ENTRY ELEMENTS (KOHA)
Koha item type BOOK
Holdings
Withdrawn status Lost status Damaged status Not for loan Collection Home library Current library Date acquired Total Checkouts Full call number Barcode Date last seen Price effective from Koha item type
        CRC Fr. Agnel's C.Rodrigues College of Engineering Fr. Agnel's C.Rodrigues College of Engineering 17/03/2023   620.0042 DUK/RA 11789 17/03/2023 17/03/2023 BOOK